| 000 | 00541nam a2200205Ia 4500 | ||
|---|---|---|---|
| 003 | GCL | ||
| 008 | 140319s9999 xx 000 0 eng d | ||
| 020 | _a0853695237 | ||
| 040 |
_aGCL / _cGCL |
||
| 082 | 0 | 4 |
_a615.6 _bR D |
| 100 | 1 | _aRANDALL, MICHAEL D | |
| 245 | 1 | 0 |
_aDISEASE MANAGEMENT / _cRANDALL, MICHAEL D |
| 700 | 1 | _aNEIL, KAREN E | |
| 260 |
_aانجلترا : _bPHARMACEUTICAL PRESS ، _c2003 |
||
| 300 |
_a24 CM ؛ _c492 P |
||
| 650 | 0 | 4 | _aPHARMACOLOGY |
| 650 | 0 | 4 | _aPHARMACY |
| 650 | 0 | 4 | _aMEDICAL PHARMACOLOGY |
| 942 |
_2ddc _cBK |
||
| 999 |
_c7454 _d7454 |
||